Facilities management: towards best practice (Record no. 102775)

MARC details
000 -LEADER
fixed length control field 01249cam a2200289 4500
008 - FIXED-LENGTH DATA ELEMENTS--GENERAL INFORMATION
fixed length control field #DATE n2003 000 0 eng u
020 ## - INTERNATIONAL STANDARD BOOK NUMBER
International Standard Book Number 0632064455
035 ## - SYSTEM CONTROL NUMBER
System control number (Sirsi) u122054
041 ## - LANGUAGE CODE
Language code of text/sound track or separate title eng
050 ## - LIBRARY OF CONGRESS CALL NUMBER
Classification number 658.2
-- 18
100 ## - MAIN ENTRY--PERSONAL NAME
Personal name Barrett, Peter
245 ## - TITLE STATEMENT
Title Facilities management: towards best practice
250 ## - EDITION STATEMENT
Edition statement 2nd ed.
260 ## - PUBLICATION, DISTRIBUTION, ETC.
Place of publication, distribution, etc. Oxford
Name of publisher, distributor, etc. Blackwell Science
Date of publication, distribution, etc. 2003
300 ## - PHYSICAL DESCRIPTION
Extent xvi,i, 280p.
Other physical details ill.
Dimensions 25cm.
350 ## - PRICE (NR) (BK AM CF MU VM SE) [OBSOLETE]
Price 35
520 ## - SUMMARY, ETC.
Summary, etc. This text aims to complement the facilities manager's own knowledge and expertise whilst aiding the development of a shared knowledge base. It is divided into three parts. In the first current practice is illustrated. In the second key facilities management issues are considered: user needs evaluation, outsourcing and computer-based information systems. Finally section three provides extensive advice on managing people through change and on decision making.
520 ## - SUMMARY, ETC.
Summary, etc. Supersedes 1st edition (0632039418) 1995
650 ## - SUBJECT ADDED ENTRY--TOPICAL TERM
Topical term or geographic name entry element COMPUTER-BASED INFORMATION SYSTEMS
650 ## - SUBJECT ADDED ENTRY--TOPICAL TERM
Topical term or geographic name entry element OUTSOURCING
650 ## - SUBJECT ADDED ENTRY--TOPICAL TERM
Topical term or geographic name entry element DECISION MAKING
650 ## - SUBJECT ADDED ENTRY--TOPICAL TERM
Topical term or geographic name entry element PEOPLE MANAGEMENT
650 ## - SUBJECT ADDED ENTRY--TOPICAL TERM
Topical term or geographic name entry element Procurement-old
690 ## - LOCAL SUBJECT ADDED ENTRY--TOPICAL TERM (OCLC, RLIN)
Topical term or geographic name as entry element MANAGEMENT-FACILITIES MANAGEMENT
700 ## - ADDED ENTRY--PERSONAL NAME
Personal name Baldry, David
942 ## - ADDED ENTRY ELEMENTS (KOHA)
Suppress in OPAC 0
Holdings
Withdrawn status Lost status Source of classification or shelving scheme Damaged status Not for loan Home library Current library Shelving location Date acquired Cost, normal purchase price Total Checkouts Full call number Barcode Date last seen Date last checked out Copy number Cost, replacement price Price effective from Koha item type
    Dewey Decimal Classification     London London Books 29/04/2003 29.75 47 658.2 BAR 30068544 06/08/2019 11/01/2010 1 29.75 06/08/2019 Book